| 000 | 00967nas a2200301 4500 | ||
|---|---|---|---|
| 001 | BR2010005410 | ||
| 003 | BR-BrBNA | ||
| 005 | 20231205114806.0 | ||
| 007 | ta | ||
| 008 | 230509b bl.|||p| |||| 00| 00por d | ||
| 040 |
_aBR-BrBNA _bpor _cBiblioteca Nacional de Agricultura |
||
| 041 | _a(Pt) | ||
| 072 | _aK10; A01 | ||
| 100 | 1 | _aAlvarenga, A. de P. | |
| 100 | 1 | _aPaula Neto, F. de | |
| 245 | 1 | _aSeringueira: alternativa para geração de renda e recomposição da reserva legal | |
| 650 | _aSERINGUEIRA | ||
| 650 | _aHEVEA BRASILIENSIS | ||
| 650 | _aAGRICULTURA FAMILIAR | ||
| 650 | _aPRÁTICA CULTURAL | ||
| 650 | _aPLANTIO | ||
| 650 | _aBORRACHA | ||
| 650 | _aRESERVA FLORESTAL | ||
| 650 | _aRENTABILIDADE | ||
| 773 | 0 |
_tInforme Agropecuário - Empresa de Pesquisa Agropecuária de Minas Gerais (Brazil) _xISSN 0100-3364 _g(Jan-Fev 2010), v. 31(254) p. 72-75 _wBR2010005410 |
|
| 909 |
_a202311 _bLúcia _c55 _dLúcia Elande |
||
| 942 |
_2AGRIS _n0 _cANA |
||
| 999 |
_c210516 _d210516 |
||